000 00826cam a2200253 4500
001 2649162
003 OSt
005 20140121100211.0
008 680710s1968 nyuab b 000 0 eng
010 _a 68027297
040 _aDLC
_cDLC
_dDLC
050 0 0 _aDS822.2
_b.L4
082 0 0 _a915.2/03
100 1 _aLeonard, Jonathan Norton,
_d1903-1975.
_924001
245 1 0 _aEarly Japan,
_cby Jonathan Norton Leonard and the editors of Time-Life Books.
260 _aNew York,
_bTime-Life Books
_c[1968]
300 _a191 p.
_billus. (part col.), col. maps.
_c28 cm.
490 0 _aGreat ages of man; a history of the world's cultures
504 _aBibliography: p. 186.
651 0 _aJapan
_xCivilization.
_924067
710 2 _aTime-Life Books.
_924068
906 _a7
_bcbc
_corignew
_du
_encip
_f19
_gy-gencatlg
942 _2lcc
_cBK
999 _c58344
_d58318